Atlas of emergency medicine / (Record no. 616328)

000 -LEADER
fixed length control field 01556nam a2200265 4500
020 ## - INTERNATIONAL STANDARD BOOK NUMBER
International Standard Book Number 007035202X
020 ## - INTERNATIONAL STANDARD BOOK NUMBER
International Standard Book Number 9780071144193
040 ## - CATALOGING SOURCE
Transcribing agency NSHS PAK
082 ## - DEWEY DECIMAL CLASSIFICATION NUMBER
Classification number 616.025
Author Mark ATL
245 ## - TITLE STATEMENT
Title Atlas of emergency medicine /
Statement of responsibility, etc. [edited by] Kevin J. Knoop, Lawrence B. Stack, Alan B. Storrow.
260 ## - PUBLICATION, DISTRIBUTION, ETC.
Place of publication, distribution, etc. New York :
Name of publisher, distributor, etc. McGraw-Hill,
Date of publication, distribution, etc. 1997.
300 ## - PHYSICAL DESCRIPTION
Extent xxix, 511 pages;
Other physical details illustrations :
Dimensions 28.5 cm.
500 ## - GENERAL NOTE
General note DC010226
520 ## - SUMMARY, ETC.
Summary, etc. The Atlas of Emergency Medicine is a comprehensive reference book that provides visual guidance and detailed explanations for the diagnosis and management of a wide range of emergency medical conditions. It typically includes high-quality images, illustrations, and clinical photographs to help healthcare professionals recognize injuries, diseases, and urgent medical scenarios quickly. Published by Elsevier in Philadelphia, USA, the atlas serves as an essential resource for physicians, medical students, and emergency care providers. In library classification, it falls under 616.025 in the Dewey Decimal system, which covers emergency medicine and urgent care.
546 ## - LANGUAGE NOTE
Language note In English.
650 #0 - SUBJECT ADDED ENTRY--TOPICAL TERM
Topical term or geographic name entry element Emergency medicine
Form subdivision Atlases.
9 (RLIN) 133945
650 #0 - SUBJECT ADDED ENTRY--TOPICAL TERM
Topical term or geographic name entry element Emergency Medicine
General subdivision methods
Form subdivision Atlases.
9 (RLIN) 133946
650 #0 - SUBJECT ADDED ENTRY--TOPICAL TERM
Topical term or geographic name entry element Critical Care
General subdivision methods
Form subdivision Atlases.
9 (RLIN) 133947
650 #0 - SUBJECT ADDED ENTRY--TOPICAL TERM
Topical term or geographic name entry element Emergencies
Form subdivision Atlases.
9 (RLIN) 133948
700 1# - ADDED ENTRY--PERSONAL NAME
Personal name Knoop, Kevin J.
9 (RLIN) 133369
700 1# - ADDED ENTRY--PERSONAL NAME
Personal name Storrow, Alan B.
9 (RLIN) 133949
700 1# - ADDED ENTRY--PERSONAL NAME
Personal name Stack, Lawrence B.
9 (RLIN) 133950
942 ## - ADDED ENTRY ELEMENTS (KOHA)
Source of classification or shelving scheme
Koha item type Book
Holdings
Withdrawn status Lost status Source of classification or shelving scheme Damaged status Not for loan Permanent Location Current Location Shelving location Date acquired Source of acquisition Cost, normal purchase price Full call number Barcode Date last seen Cost, replacement price Price effective from Koha item type Public note
        In Processing NUST School of Health Sciences (NSHS) NUST School of Health Sciences (NSHS) General Stacks 02/23/2026 Donation 7700.00 616.025 ATL NSHS-2148 02/23/2026 15400.00 02/23/2026 Book Donation from Miss Nazia Javed dated 16th Feb 2026.
© 2023 Central Library, National University of Sciences and Technology. All Rights Reserved.